|
|
|
|
| LEADER |
00627nab a2200193 i 4500 |
| 001 |
tisza27159 |
| 005 |
20230411121628.0 |
| 008 |
230411s2022 hu o 0|| hun d |
| 022 |
|
|
|a 0133-1167
|
| 040 |
|
|
|a SZTE Tiszatáj Archívum
|b hun
|
| 041 |
|
|
|a hun
|
| 100 |
1 |
|
|a Gergely Ágnes
|
| 245 |
1 |
2 |
|a A 71. zsoltár
|h [elektronikus dokumentum] :
|b [vers] /
|c Gergely Ágnes
|
| 260 |
|
|
|c 2022
|
| 300 |
|
|
|a 87-88
|
| 490 |
0 |
|
|a Tiszatáj
|v 76 No. 12
|
| 695 |
|
|
|a Magyar irodalom - vers, Vallásos irodalom - vers
|
| 700 |
0 |
1 |
|a Kondor Attila
|
| 856 |
4 |
0 |
|u http://tiszataj.bibl.u-szeged.hu/27159/1/tiszataj_2022_012_087-088.pdf
|z Dokumentum-elérés
|